000 00783nam a2200241 a 4500
001 71901
003 BD-RjUL
005 20211209082159.0
008 170509s1968 nyua b 001 0 eng d
035 _a(BD-RjUL)72117
040 _aBD-RjUL
_beng
_cBD-RjUL
_dBD-RjUL
041 _aeng
082 _223
_a537.622
_bSEM 1968
245 0 0 _aSemiconductor detectors /
_cedited by G. Bertolini and A. Coche; contributors A. Alberigi Quaranta [et al.]..
260 _aNew York :
_bJohn Wiley & Sons,
_c1968.
300 _ax, 518 p. :
_bill. ;
_c23 cm.
504 _aIncludes Bibliography and indexe
650 0 _aSemiconductors
_9212672
700 1 _aBertolini, G. ; edited
_9212673
700 1 _aCoche, A. ; edited
_9212674
700 1 _aQuaranta, A. Alberigi
_9212675
942 _2ddc
_cBK
999 _c71901
_d71901